| 000 | 01106cam a22002535a 4500 | ||
|---|---|---|---|
| 003 | OSt | ||
| 005 | 20150824104506.0 | ||
| 008 | 101220s1987 su|||||frb|| 000 0 aaradd | ||
| 040 |
_aEG-ScBUE _bara _cEG-ScBUE |
||
| 082 | 0 | 4 |
_a636.2 _bس ر ا _222 |
| 100 | 1 |
_aسراقبي ، محمد بدر _921569 |
|
| 245 |
_aموسوعة ضروع الأبقار العلمية : _bتشريح الضرع - وظيفته - أمراضه - معالجاته والعيوب والشوائب التي تصيب لبن الأبقار والأضرار التي يسببها أو ينقلها إلى الانسان / _cتأليف تركي محمد بدر سراقبي . |
||
| 250 | _aط.1 | ||
| 260 |
_aالرياض : _bدار حسان ، _c1987. |
||
| 300 |
_a242 ص : _bايض ؛ _c24 سم. |
||
| 504 | _aيشتمل على إرجاعات ببليوجرافية : ص. 241-242. | ||
| 541 |
_aإهداء ؛ _cمكتبة الإسكندرية ؛ |
||
| 590 | _adoaa mohamed | ||
| 650 |
_aالبقر _921570 _2BUEsh |
||
| 650 |
_aاللبن _921571 _2BUEsh |
||
| 651 | _2BUEsh | ||
| 653 | _cAugust2015 | ||
| 942 |
_cBB _k636.2 س را _2ddc |
||
| 999 |
_c6356 _d6356 |
||